| 000 | 00453nam a2200193Ia 4500 | ||
|---|---|---|---|
| 008 | 240510s9999 xx 000 0 und d | ||
| 020 | _a026202442X | ||
| 041 | _aEng | ||
| 082 | _a025.04 | ||
| 082 | _bB14 | ||
| 100 | _aBALDI, P :BRUNAK , S | ||
| 245 | 0 | _aBIOINFORMATICS:The Machine Learning Approach | |
| 260 | _bEngland, The MIT Press | ||
| 260 | _c1998 | ||
| 300 | _a351 p. | ||
| 650 | _aBioinformatics | ||
| 942 | _2ddc | ||
| 942 | _cRBK | ||
| 999 |
_c28406 _d28406 |
||
| 945 |
_a1 _bMadushi Gamage _c1 _dMadushi Gamage |
||